Reforma Agraria y soberanía alimentaria (Nicaragua y el Salvador)
Збережено в:
| Формат: | Текст |
|---|---|
| Опубліковано: |
Managua:
UITA. Asociación de Trabajadores del Campo. CIPRES
|
| Предмети: | |
| Теги: |
Додати тег
Немає тегів, Будьте першим, хто поставить тег для цього запису!
|
MARC
| LEADER | 00000 a a2200000 04500 | ||
|---|---|---|---|
| 001 | 35853 | ||
| 003 | |||
| 040 | |||
| 020 | |a 99924-801-1-4 | ||
| 090 | |a 0001 R332r | ||
| 245 | |a Reforma Agraria y soberanía alimentaria (Nicaragua y el Salvador) | ||
| 260 | |a Managua: |b UITA. Asociación de Trabajadores del Campo. CIPRES | ||
| 300 | |a 144 p. | ||
| 650 | |a REFORMA AGRARIA | ||
| 650 | |a NICARAGUA | ||
| 650 | |a EL SALVADOR | ||
| 999 | |c 14724 |d 14724 | ||



